5HLuxD.jpg

KING HENRY VIII SENIOR AND PRIMARY SCHOOL LIBRARY OPAC

HISTORY (Record no. 4724)

000 -LEADER
fixed length control field 00320nam a22001217a 4500
008 - FIXED-LENGTH DATA ELEMENTS--GENERAL INFORMATION
fixed length control field 250312b ||||| |||| 00| 0 eng d
020 ## - INTERNATIONAL STANDARD BOOK NUMBER
International Standard Book Number 9780008652067
082 ## - DEWEY DECIMAL CLASSIFICATION NUMBER
Classification number 930 NAT
100 ## - MAIN ENTRY--PERSONAL NAME
Personal name NATIONAL GEOGRAPHIC
Relator term AUTHOR
245 ## - TITLE STATEMENT
Title HISTORY
260 ## - PUBLICATION, DISTRIBUTION, ETC.
Place of publication, distribution, etc. WESTERHILL ROAD BISHOP BRIGGS,GLASGLOW G64 2QT
Name of publisher, distributor, etc. COLLINS
942 ## - ADDED ENTRY ELEMENTS (KOHA)
Source of classification or shelving scheme
Holdings
Withdrawn status Lost status Source of classification or shelving scheme Damaged status Not for loan Collection code Permanent Location Current Location Shelving location Date acquired Total Checkouts Total Renewals Full call number Barcode Date last seen Date last checked out Price effective from Koha item type Public note
          Non-Fiction KH8 Primary School Library KH8 Primary School Library Non Fiction 2025-03-12 4 1 930 NAT KHPL000006542 2025-12-05 2025-11-24 2025-03-12 Books - Non Ficton KH8 PRIMARY LIBRARY

Powered By KH8 IT Dept